| 000 | 00372nam a22001577a 4500 | ||
|---|---|---|---|
| 020 | _a81-7301-051-X | ||
| 082 |
_a823 _bBHA/M |
||
| 100 | _aBHANOT, T.R | ||
| 245 |
_aMAHABHARATA _bCLASSIC STORY |
||
| 246 |
_aMAHABHARATA _bCLASSIC STORY |
||
| 260 |
_aNEW DELHI _bDREAMLAND PUBLICATIONS |
||
| 300 | _a32 | ||
| 520 | _aCLASSIC STORY | ||
| 650 | _aCLASSIC STORY | ||
| 942 | _cBK | ||
| 999 |
_c2329 _d2329 |
||